000 01004cam a2200301 a 4500
999 _c4049
_d4049
001 2507696
003 GZU
005 20210311114013.0
008 931124s1994 maua b 001 0 eng
010 _a 92075311
020 _a0312086407
040 _aDLC
_cDLC
050 0 0 _aPE1431
_b.ROT1994
082 0 0 _a808/.0427
_220
100 1 _aRottenberg, Annette T.
245 1 0 _aElements of argument :
_ba text and reader /
_cAnnette T. Rottenberg.
250 _a4th ed.
260 _aBoston :
_bBedford Books of St. Martin's Press,
_cc1994.
300 _axxxi, 698 p. :
_bill. ;
_c23 cm.
504 _aIncludes bibliographical references and index.
650 0 _aEnglish language
_xRhetoric.
650 0 _aPersuasion (Rhetoric)
650 0 _aCollege readers.
650 0 _aReasoning.
906 _a7
_bcbc
_corignew
_d2
_eopcn
_f19
_gy-gencatlg
942 _2lcc
_cBK
_e4th ed.
_h1431
_iROT
_kPE